| 000 | 00693nam a2200265Ia 4500 | ||
|---|---|---|---|
| 003 | OSt | ||
| 005 | 20220918222358.0 | ||
| 006 | a|||||r|||| 00| 0 | ||
| 007 | ta | ||
| 008 | 220917b |||||||| |||| 00| 0 eng d | ||
| 024 | _a216,723 | ||
| 037 | _cTextual | ||
| 040 |
_aARTS _cARTS _beng |
||
| 041 |
_2eng _aeng |
||
| 082 | _aLB:6, N8 | ||
| 100 |
_aDevaraj T L _9143025 |
||
| 245 | 0 | _aPanchakarma treatment of Ayurveda | |
| 250 | _a3rd | ||
| 260 |
_aDelhi _bSri Sarguru pub. _c1998 |
||
| 300 |
_axx, 442p _ccm. |
||
| 490 | _aIndian medical science series no.; 69 | ||
| 650 |
_aMEDICINE _94387 |
||
| 942 |
_hLB:6, N8 _cTEXL _2CC |
||
| 999 |
_c275390 _d275390 |
||